000 00630nam a2200229Ia 4500
003 OSt
005 20220928144447.0
006 a|||||r|||| 00| 0
007 ta
008 220927b |||||||| |||| 00| 0 eng d
024 _a70999
037 _cTextual
040 _aSDCL
_cSDCL
_beng
041 _2eng
_aeng
082 _aS0bP:f, L9
100 _aAaronson Doris Ed.
_9507764
245 0 _aPsycholinguistic research
_b Implications and application
260 _c1979
700 _a Rieber Robert W
_9507765
942 _hS0bP:f, L9
_cTEXL
_2CC
999 _c827283
_d827283